Normal view
MARC view
- Farhat Javed
Entry Personal Name
001 - CONTROL NUMBER
- control field: 47980
003 - CONTROL NUMBER IDENTIFIER
- control field: NUST
005 - DATE AND TIME OF LATEST TRANSACTION
- control field: 20210314133938.0
008 - FIXED-LENGTH DATA ELEMENTS
- fixed length control field: 210314|| aca||aabn | a|a d
040 ## - CATALOGING SOURCE
- Original cataloging agency: NUST
- Transcribing agency: NUST
100 ## - HEADING--PERSONAL NAME
- Personal name: Farhat Javed
670 ## - SOURCE DATA FOUND
- Source citation: Work cat.: (NUST): Anwaar Ahmed. 47979, Computer program for ultimate bearing capacity of soil and analysing the effect of water table on bearing capaity/, 2001
